000 00638nam a2200277Ia 4500
005 20260324143315.0
008 008 260324s9999 xx 000 0 eng d
020 _a9781003062592
037 _aEBOOK
040 _aCRL
040 _beng
040 _cCRL
041 _2eng
041 _aeng
084 _qCRL
100 _aGail Kucera
_91215164
245 0 _aTime In Geographic Information Systems
260 _bTaylor and Francis
260 _c1992
365 _a
365 _b675
856 _uhttp://www.taylorfrancis.com/books/9781003062592
942 _cEBOOK
999 _c1820376
_d1820376